000 00253nam a2200109Ia 4500
008 191206s9999 xx 000 0 und d
090 _aPR2812.A2
245 0 _aKing Henry the Fifth
260 _aGinn
260 _cc[1956]
300 _a"viii, 88 p. 17 cm."
999 _c16312
_d16312